Purple Colored Pokemons - Statistics

General Stats
  • This quiz has been taken 14 times
  • The average score is 50 of 89
Answer Stats
Generations Types Answer % Correct
Poison Arbok
100%
Poison Ekans
100%
Ghost/Poison Gastly
100%
Ghost/Poison Gengar
100%
Ghost/Poison Haunter
100%
Poison/Flying Golbat
86%
Kanto Normal Rattata
86%
Johto Poison/Flying Crobat
71%
Normal Ditto
71%
Psychic Espeon
71%
Ground/Flying Gligar
71%
Poison Grimer
71%
Poison Koffing
71%
Dark Liepard
71%
Ghost Mismagius
71%
Poison Muk
71%
Poison/Dragon Naganadel
71%
Poison/Ground Nidoking
71%
Poison Nidoran♂
71%
Poison Nidorino
71%
Dragon/Flying Noibat
71%
Dragon/Flying Noivern
71%
Water/Dragon Palkia
71%
Poison Poipole
71%
Unova Dark Purrloin
71%
Water Shellder
71%
Bug/Poison Venonat
71%
Poison Weezing
71%
Poison/Flying Zubat
71%
Rock/Flying Aerodactyl
57%
Normal Aipom
57%
Normal Ambipom
57%
Water/Ice Cloyster
57%
Poison/Dark Drapion
57%
Ground/Flying Gliscor
57%
Dragon Goodra
57%
Kalos Dragon Goomy
57%
Psychic Gothita
57%
Psychic Gothitelle
57%
Psychic Gothorita
57%
Psychic Grumpig
57%
Rock/Grass Lileep
57%
Psychic/Ghost Lunala
57%
Psychic Mewtwo
57%
Fighting Mienshao
57%
Dark/Ghost Sableye
57%
Poison/Bug Skorupi
57%
Poison/Dark Skuntank
57%
Dragon Sliggoo
57%
Ghost/Dark Spiritomb
57%
Water/Psychic Starmie
57%
Poison/Dark Stunky
57%
Poison Swalot
57%
Electric/Poison Toxel
57%
Electric/Poison Toxtricity
57%
Fighting Tyrogue
57%
Bug/Poison Venomoth
57%
Grass Bounsweet
43%
Hoenn Bug Cascoon
43%
Sinnoh Grass Cherrim
43%
Galar Flying/Steel Corviknight
43%
Normal Delcatty
43%
Ghost/Flying Drifblim
43%
Ghost/Flying Drifloon
43%
Poison/Dragon Eternatus
43%
Bug/Steel Forretress
43%
Water/Ground Gastrodon (West)
43%
Bug/Steel Genesect
43%
Fairy Granbull
43%
Psychic/Ghost Hoopa (Confined)
43%
Bug Illumise
43%
Water/Flying Mantine
43%
Poison/Ghost Pecharunt
43%
Water Shellos (West)
43%
Grass Steenee
43%
Water/Fairy Tapu Fini
43%
Grass Tsareena
43%
Paldea Fire/Ghost Ceruledge
29%
Alola Fighting Crabrawler
29%
Ground/Fighting Great Tusk
29%
Dark/Fairy Grimmsnarl
29%
Psychic/Normal Indeedee
29%
Electric/Dragon Miraidon
29%
Grass/Fairy Morelull
29%
Ice/Psychic Mr. Rime
29%
Electric Pincurchin
29%
Ghost Polteageist
29%
Grass/Fairy Shiinotic
29%
Ghost Sinistea
29%
No matching quizzes found
Score Distribution
Percent of People with Each Score
Percentile by Number Answered
Your Score History
You have not taken this quiz